000 00384pab a2200157 454500
008 180718b2009 xxu||||| |||| 00| 0 eng d
100 _aFranzel, Joshna M.
245 _aFuture compensation of the state and local workforce
260 _c2009
300 _ap.58-64.
362 _aSummer
650 _aLocal government
773 _aPublic Manager
908 _aN
909 _a83637
999 _c83637
_d83637